Criterios y procedimientos para el registro calificado de programas academicos de pregrado en ciancias de la salud : (Registro nro. 38632)
[ vista simple ]
| 000 -CABECERA | |
|---|---|
| campo de control de longitud fija | 00569nam a2200133 a 4500 |
| 001 - NÚMERO DE CONTROL | |
| campo de control | 000039142 |
| 005 - FECHA Y HORA DE LA ÚLTIMA TRANSACCIÓN | |
| campo de control | 20201002031520.0 |
| 008 - DATOS DE LONGITUD FIJA--INFORMACIÓN GENERAL | |
| campo de control de longitud fija | 130527s2001 cl 000 0 spa d |
| 040 ## - FUENTE DE LA CATALOGACIÓN | |
| Centro catalogador/agencia de origen | DO-SdBNP |
| Lengua de catalogación | spa |
| Centro/agencia transcriptor | BNPHU |
| 110 1# - ENTRADA PRINCIPAL--NOMBRE DE ENTIDAD CORPORATIVA | |
| Nombre de entidad corporativa o nombre de jurisdicción como elemento de entrada | República de Colombia |
| Unidad subordinada | Ministerio de Educación Nacional |
| -- | Consejo Nacional de Acreditación |
| 9 (RLIN) | 65349 |
| 245 10 - MENCIÓN DE TÍTULO | |
| Título | Criterios y procedimientos para el registro calificado de programas academicos de pregrado en ciancias de la salud : |
| Resto del título | Versión preliminar. |
| 260 ## - PUBLICACIÓN, DISTRIBUCIÓN, ETC. | |
| Lugar de publicación, distribución, etc. | Bogotá : |
| Nombre del editor, distribuidor, etc. | Consejo Nacional de Acreditación, |
| Fecha de publicación, distribución, etc. | 2001. |
| 300 ## - DESCRIPCIÓN FÍSICA | |
| Extensión | 126 p. ; |
| Dimensiones | 25 cm. |
| Estado de retiro | Estado de pérdida | Restricciones de uso | No para préstamo | Código de colección | Localización permanente | Ubicación/localización actual | Ubicación en estantería | Fecha de adquisición | Número de inventario | Total de préstamos | Signatura topográfica completa | Código de barras | Fecha visto por última vez | Precio válido a partir de | Tipo de ítem Koha |
|---|---|---|---|---|---|---|---|---|---|---|---|---|---|---|---|
| Monografías: Libros y Folletos | General | General | En catalogación | 27.05.2013 | LF1 | 39142-10 | 25.06.2020 | 25.06.2020 | Préstamo en sala |
